| 000 | 01584nam a2200421Ii 4500 | ||
|---|---|---|---|
| 001 | DIGBOSCH0009 | ||
| 003 | NyNyDIG | ||
| 006 | m o d | ||
| 007 | cr ||||||||||| | ||
| 008 | 220609s2018 sp ob 000 0 spa d | ||
| 035 | _a(OCoLC)1338645456 | ||
| 040 |
_aDGITA _beng _erda _epn _cDGITA |
||
| 020 |
_a9788494952920 _qdigital |
||
| 020 |
_z9788494952913 _qpapel |
||
| 043 | _ae-sp--- | ||
| 050 | 1 | 4 | _aKKT869.4 ebook |
| 100 | 1 |
_aRodríguez Ayuso, Juan Francisco, _eauthor. |
|
| 245 | 1 | 0 |
_aÁmbito contractual de la firma electrónica / _cJuan Francisco Rodríguez Ayuso. |
| 264 | 1 |
_aBarcelona : _bJMB Bosch Editor, _c2018. |
|
| 300 | _a1 online resource. | ||
| 336 |
_atext _btxt _2rdacontent |
||
| 336 |
_astill image _2rdacontent |
||
| 337 |
_acomputer _bc _2rdamedia |
||
| 338 |
_aonline resource _bcr _2rdacarrier |
||
| 347 |
_atext file _2rdaft |
||
| 347 | _bPDF | ||
| 504 | _aIncludes bibliographical references. | ||
| 588 | 0 | _aOnline resource; title from PDF title page (Digitalia, viewed Jun 9, 2022) | |
| 650 | 0 |
_aDigital signatures _xLaw and legislation _zSpain. |
|
| 650 | 0 |
_aElectronic contracts _zSpain. |
|
| 655 | 0 | _aElectronic books. | |
| 776 | 0 | 8 |
_iPrint version: _aRodríguez Ayuso, Juan Francisco. _tÁmbito contractual de la firma electrónica. _dBarcelona : JMB Bosch Editor, 2018 _z9788494952913 |
| 791 | 2 |
_aDigitalia (Firm), _edistributor. |
|
| 793 | 0 |
_gDigitalia eBook Collection: _aBosch Editor |
|
| 856 | 4 | 0 |
_3Digitalia Hispánica _uhttps://www.digitaliapublishing.com/a/59644/ |
| 910 | _aPremium collection: 2022 | ||
| 942 | _cRAA | ||
| 999 |
_c256407 _d256407 |
||